| 000 | 00626cam a2200181 4500 | ||
|---|---|---|---|
| 001 | WB3547-13 | ||
| 008 | 000000n1999 000 0 eng u | ||
| 035 | _a(Sirsi) u102944 | ||
| 245 | _a2001: a space problem | ||
| 260 | _c1999 | ||
| 490 |
_aBuilding Design _v(1470) 26 November 1999, 3(1) |
||
| 520 | _aArchitects involved with the consortia bidding to redevelop the Millennium Dome in 2001 claim that the structure is too big and inaccessible to be viable. Lists the nine bid proposals. | ||
| 590 | _aWB | ||
| 650 | _aMILLENNIUM DOME | ||
| 650 | _aGREENWICH | ||
| 690 | _aPROPERTY-PROPERTY DEVELOPMENT | ||
| 942 | _n0 | ||
| 999 |
_c61850 _d61850 |
||